| 000 | 01253nam a22003617a 4500 | ||
|---|---|---|---|
| 003 | CHAP | ||
| 005 | 20220329140500.0 | ||
| 008 | 971013s1984 r 00010 d | ||
| 010 | _a52615 | ||
| 011 | _a53587 | ||
| 035 | _a57737 | ||
| 040 | _cCHAP | ||
| 082 |
_a630.931 _bW6 |
||
| 100 | 0 | 0 |
_aWoods, Rowland. _9122573 |
| 245 | _aTowards a strategy for New Zealand agriculture | ||
| 260 |
_aWellington, N.Z. : _bNew Zealand Planning Council, _c1984 |
||
| 300 |
_a224 p. _b: ilus. ; gráfs |
||
| 590 |
_aBATCH-UPD _b10 _c20130110 _lUCH01 _h0036 |
||
| 590 |
_aBATCH-UPD _b10 _c20130110 _lUCH01 _h0452 |
||
| 590 |
_aBATCH-UPD _b10 _c20130409 _lUCH01 _h2020 |
||
| 590 |
_aBATCH-UPD _b10 _c20130410 _lUCH01 _h0422 |
||
| 590 |
_aBATCH-UPD _b10 _c20130913 _lUCH01 _h2112 |
||
| 590 |
_aCONVERSION _b10 _c20130109 _lUCH01 _h1328 |
||
| 650 | 1 | 4 |
_aAgricultura _xNueva Zelanda. _91753 |
| 650 | 1 | 4 |
_aGanadería _xNueva Zelanda. _944832 |
| 650 | 1 | 4 |
_aProductos agrícolas _xMercadeo _xNueva Zelanda. _991982 |
| 650 | 1 | 4 |
_aProductos pecuarios _xMercadeo _xNueva Zelanda. _992186 |
| 700 | 0 |
_aGraham, Kenneth. _950219 |
|
| 700 | 0 |
_aRankin, Peter. _994643 |
|
| 901 | _aBK | ||
| 942 | _cLIBRO | ||
| 949 |
_a630.931 W6 _bBC _cLIBRO _d33724000047544 _eLIBRO _h69855 _i57737 _mDr. Méndez _si |
||
| 999 |
_c52615 _d52615 |
||